Cover des Jeux Fifa/FC - Statistiques

Statistiques générales
  • Ce quiz a été pris 329 fois
  • Le résultat moyen est 19 sur 25
Statistiques - réponses
Par images Réponse % Correct
Fifa 17
97%
Fifa 14
94%
Fifa 13
93%
Fifa 18
93%
Fifa 21
91%
Fifa 22
91%
Fifa 16
90%
Fifa 15
89%
Fifa 20
88%
Fifa 23
86%
Fifa 11
82%
Fifa 19
82%
FC 24
72%
Fifa 06
71%
Fifa 04
70%
Fifa 03
69%
Fifa 09
69%
Fifa 10
69%
Fifa 05
67%
Fifa 12
65%
Fifa 08
63%
Fifa 01
59%
Fifa 02
59%
Fifa 07
58%
Fifa 00
55%
Aucun quiz correspondant
Distribution des résultats
% des personnes avec chaque résultat
Percentile par nombre de réponses
Votre historique - résultats
Vous n’avez pas pris ce quiz